| 000 | 00351nam a2200145Ia 4500 | ||
|---|---|---|---|
| 005 | 20250325051758.0 | ||
| 008 | 240331s9999 xx 000 0 und d | ||
| 082 |
_bRAJ _a894 |
||
| 100 | _aRajanarayanan, K | ||
| 245 | 0 | _aK.Rajanarayanan kadduraikal | |
| 260 |
_aShivagangai _bAnam Pvt Ltd _c1991 |
||
| 300 | _a220 p ., | ||
| 650 | _aEssays | ||
| 942 | _cL | ||
| 999 |
_c4131 _d4131 |
||